ABC sztuki kulinarnej : przez żołądek do serca /

Guardat en:
Dades bibliogràfiques
Autor principal: Fedak, Alina
Altres autors: Fedak, Paulina
Format: Llibre
Idioma:polonès
Publicat: Warszawa : "Watra", 1983
Etiquetes: Afegir etiqueta
Sense etiquetes, Sigues el primer a etiquetar aquest registre!

MARC

LEADER 00000nam a2200000 i 4500
001 991009365679705066
005 20260515140227.0
008 990506s1983 pl a |001 0 pol
020 |a 8322501250 
035 |a 991009365679705066 
035 |a (PL-WaBN)b12537433-48omnis_nlop 
035 |a b12537433 
035 |a (OCoLC)804756453 
035 |a (PL)b0000001253743 
035 |a (EXLNZ-48OMNIS_NETWORK)9910195990505606 
040 |a WA N  |c WA N  |d KR U 
041 0 |a pol 
080 |a 641.5.021 
090 |c 93  |d 92 
100 1 |a Fedak, Alina 
245 1 0 |a ABC sztuki kulinarnej :  |b przez żołądek do serca /  |c Alina i Paulina Fedak. 
260 |a Warszawa :  |b "Watra",  |c 1983  |e (Rzesz :  |f RZG). 
300 |a 175, [1] s. :  |b rys. ;  |c 21 cm. 
504 |a Indeks. 
700 1 |a Fedak, Paulina 
920 |a 83-225-0125-0 zł 100 
942 |c K 
952 |0 0  |1 0  |4 0  |6 R__71_000000000000000  |7 0  |9 90  |a RYT  |b RYT  |d 2026-05-12  |e 1/2026  |g 10.00  |l 0  |o R.71  |p 2000000000718  |r 2026-05-15 14:02:27  |w 2026-05-15  |y BK 
999 |c 90  |d 90